| 000 | 00732nam a2200241 4500 | ||
|---|---|---|---|
| 003 | OSt | ||
| 005 | 20260530115259.0 | ||
| 008 | 260418b1960 nyua|||| |||| 00| 0 eng d | ||
| 020 | _a0064634973 | ||
| 040 |
_aICI _bspa _cICI |
||
| 041 | _aeng | ||
| 050 |
_aNK1510 _bB37 |
||
| 100 | 1 |
_aBates, Kenneth Francis, _d1904-, autor. _930914 |
|
| 245 | 1 | 0 |
_aBasic design : _bPrinciples and practice / _cKenneth F. Bates ; foreword by William M. Milliken |
| 264 |
_aNew York : _bBarnes & Nonle Books, _cc1960 |
||
| 300 | _a174 páginas | ||
| 336 |
_atexto _2rdacontent |
||
| 337 |
_asin medio _2rdamedia |
||
| 338 |
_avolumen _2rdacarrier |
||
| 650 | 1 | 4 | _2Diseño |
| 700 |
_aMilliken, William M., _eprologuista _930915 |
||
| 942 |
_2lcc _cBK |
||
| 999 |
_c12751 _d12751 |
||